| 000 | 00486nam a2200157 4500 | ||
|---|---|---|---|
| 999 |
_c5408 _d5408 |
||
| 008 | 161025b xxu||||| |||| 00| 0 eng d | ||
| 022 | _a9770118389007 | ||
| 082 | _aDPer 641.05 F73 Mar-Nov 2012 | ||
| 100 |
_916680 _aOrillos, Jenny B. |
||
| 245 |
_aMastering the arts of Julia's kitchen/ _cJenny B. Orillos. |
||
| 260 |
_aQuezon City: _bABS CBN Publishing, Inc., _c©2012. |
||
| 300 |
_apages 60-66; _c30 cm. |
||
| 500 | _aFood. | ||
| 650 | 0 |
_916681 _aCooking |
|
| 942 |
_2ddc _cPER |
||